Central Library OPAC University of Rajshahi

Scottish libraries, 1966-1968 : (Record no. 654)

MARC details
000 -LEADER
fixed length control field 00718nam a22002531 4500
001 - CONTROL NUMBER
control field 654
003 - CONTROL NUMBER IDENTIFIER
rucl marc code BD-RjUL
005 - DATE AND TIME OF LATEST TRANSACTION
control field 20211208233220.0
008 - FIXED-LENGTH DATA ELEMENTS--GENERAL INFORMATION
fixed length control field 850524s1969 stka 000 0 eng
020 ## - INTERNATIONAL STANDARD BOOK NUMBER
Canceled/invalid ISBN 900649208 :
035 ## - SYSTEM CONTROL NUMBER
System control number (BD-RjUL)674
040 ## - CATALOGING SOURCE
Original cataloging agency DLC
Transcribing agency DLC
Modifying agency DLC
-- BD-RjUL
Language of cataloging eng
041 ## - LANGUAGE CODE
Language code of text/sound track or separate title eng
082 00 - DEWEY DECIMAL CLASSIFICATION NUMBER
Classification number 021.00941
Author mark and year SCO 1969
110 2# - MAIN ENTRY--CORPORATE NAME
Corporate name or jurisdiction name as entry element Scottish Library Association.
9 (RLIN) 1988
245 10 - TITLE STATEMENT
Title Scottish libraries, 1966-1968 :
Remainder of title a triennial review /
Statement of responsibility, etc. Editor: Moira Burgess.
260 ## - PUBLICATION, DISTRIBUTION, ETC. (IMPRINT)
Place of publication, distribution, etc. Glasgow,
Date of publication, distribution, etc. 1969.
300 ## - PHYSICAL DESCRIPTION
Pagination 60 p. :
Illustrations illus;
Size 21 cm.
650 #0 - SUBJECT ADDED ENTRY--TOPICAL TERM
Topical term or geographic name as entry element Libraries
Geographic subdivision Scotland.
9 (RLIN) 1976
700 1# - ADDED ENTRY--PERSONAL NAME
Personal name Burgess, Moira,
Relator term ed.
942 ## - ADDED ENTRY ELEMENTS (KOHA)
Source of classification or shelving scheme Dewey Decimal Classification
Koha item type Books
Holdings
Lost status Source of classification or shelving scheme Damaged status Not for loan Collection code Permanent Location Current Location Shelving location Date acquired Source of acquisition Cost, normal purchase price Total Checkouts Full call number Date last seen Copy number Koha item type
  Dewey Decimal Classification   Not For Loan Non-fiction Central Library, University of Rajshahi Central Library, University of Rajshahi Reading Room 30/12/1970 Not Found 0.00   021.00941 SCO 1969 23/11/2013 C-1 Books